| 000 | 00886nam a2200289 a 4500 | ||
|---|---|---|---|
| 003 | AR-BaBNM | ||
| 005 | 20251128203309.0 | ||
| 008 | 082120s2002 ||||||||||||||000 | spa|| | ||
| 040 | _cAR-BaBNM | ||
| 100 | 1 | _aIonescu, Angela C. | |
| 245 | 0 | 0 | _aDéjame solo, Joe |
| 260 |
_aBuenos Aires _bStella _bBruño _c1992 |
||
| 300 |
_a133 p. _bil. |
||
| 490 | 0 |
_aAlta mar. Cuentos _vv. 1 |
|
| 500 | _aContiene biografía de los autores | ||
| 500 | _aGanador del premio Andersen y del premio Doncel de Cuento Infantil | ||
| 500 | _aActividades, reflexiones y opiniones sobre el texto | ||
| 500 | _aViene acompañado de libro de actividades | ||
| 650 | 4 | _aLITERATURA INFANTIL | |
| 650 | 4 | _aENSEÑANZA DE LA LECTURA | |
| 650 | 4 | _aACTIVIDADES DE APRENDIZAJE | |
| 650 | 4 | _aCUENTOS DE AVENTURAS | |
| 655 | _aLITERATURA | ||
| 700 | 1 | _aArtigot, Manuel | |
| 942 | _cBK | ||
| 998 | _cisola | ||
| 999 |
_c2772 _d2772 |
||